000 nam a22 7a 4500
999 _c1404
_d1404
005 20170509140424.0
008 170509b1987 - ||||| |||| 00| 0 eng d
020 _a0813304113
040 _aAKMAL
082 _a303.625 BER
090 _a303.625
_bBER
100 1 _aBeres, Louis René
_92758
245 _aTerrorism and global security :
_bthe nuclear threat /
_cby Louis René Beres
250 _a2nd ed., rev. and updated
260 _aBoulder, CO :
_bWestview Press,
_c1987
300 _a156p
_ccm
490 0 _aWestview special studies in national and international terrorism
942 _2ddc
_cBOOK